[Event "HUN-chT 1112"]
[Site "Hungary"]
[Date "2011.11.27"]
[Round "4"]
[White "Karolyi, Tibor Jr"]
[Black "Amstadt, Aron"]
[Result "1/2-1/2"]
[WhiteElo "2346"]
[BlackElo "2250"]
[PlyCount "23"]
[EventDate "2011.09.25"]
[EventType "team-tourn"]
[EventRounds "11"]
[EventCountry "HUN"]
[SourceTitle "EXT 2013"]
[Source "ChessBase"]
[SourceDate "2012.11.22"]
[SourceVersion "1"]
[SourceVersionDate "2012.11.22"]
[SourceQuality "1"]
[WhiteTeam "MLTC"]
[BlackTeam "Decs"]
[WhiteTeamCountry "HUN"]
[BlackTeamCountry "HUN"]

1. d4 Nf6 2. c4 e6 3. Nf3 Bb4+ 4. Bd2 Qe7 5. g3 Nc6 6. Nc3 b6 7. Bg2 Bb7 8. 0-0 Na5 9. b3 Ne4 10. Nxe4 Bxe4 11. Bxb4 Qxb4 12. Ne5 1/2-1/2

[Event "HUN-chT U18"]
[Site "Miskolc"]
[Date "2011.11.06"]
[Round "8.2"]
[White "Amstadt, Aron"]
[Black "Ruck, Robert1111"]
[Result "1/2-1/2"]
[WhiteElo "2238"]
[BlackElo "1976"]
[PlyCount "111"]
[EventDate "2011.11.02"]
[EventType "team-swiss"]
[EventRounds "8"]
[EventCountry "HUN"]
[SourceTitle "EXT 2012"]
[Source "ChessBase"]
[SourceDate "2011.11.24"]
[SourceVersion "1"]
[SourceVersionDate "2011.11.24"]
[SourceQuality "1"]
[WhiteTeam "Decs"]
[BlackTeam "Sarkany"]
[WhiteTeamCountry "HUN"]
[BlackTeamCountry "HUN"]

1. d4 d5 2. Nf3 Nf6 3. c4 e6 4. e3 Be7 5. Nc3 0-0 6. Bd3 dxc4 7. Bxc4 a6 8. a4 c5 9. 0-0 Nc6 10. Ne5 Nb4 11. b3 cxd4 12. exd4 Nbd5 13. Nxd5 Nxd5 14. Bd3 Bb4 15. Bb2 Qg5 16. Be4 f6 17. Nc4 Bd7 18. g3 Bc6 19. Bc1 Nc3 20. Bxg5 Nxd1 21. Bxc6 bxc6 22. Rfxd1 fxg5 23. Ne5 Rac8 24. Rac1 c5 25. Rc4 Ba3 26. Nd7 Rfd8 27. dxc5 Bxc5 28. Rxc5 Rxc5 29. Nf6+ Kf7 30. Rxd8 Kxf6 31. Rd6 Rc3 32. b4 Rc4 33. Rxa6 Rxb4 34. a5 Ra4 35. Ra7 Ra1+ 36. Kg2 g4 37. h3 h5 38. h4 Kg6 39. a6 Kf6 40. Ra8 Kg6 41. a7 Ra6 42. Kf1 Ra2 43. Ke1 Kh7 44. Kd1 g6 45. Kc1 Kg7 46. Kb1 Ra6 47. Kb2 Ra5 48. Kc3 Ra1 49. Kd4 Ra2 50. Kc5 Ra1 51. Kd6 Ra6+ 52. Ke7 Ra2 53. Kxe6 Re2+ 54. Kd5 Rd2+ 55. Kc4 Ra2 56. Kb3 1/2-1/2

[Event "HUN-chT U18"]
[Site "Miskolc"]
[Date "2011.11.05"]
[Round "6.2"]
[White "Amstadt, Aron"]
[Black "Ujhazi, Mihaly"]
[Result "1-0"]
[WhiteElo "2238"]
[BlackElo "2094"]
[PlyCount "69"]
[EventDate "2011.11.02"]
[EventType "team-swiss"]
[EventRounds "8"]
[EventCountry "HUN"]
[SourceTitle "EXT 2012"]
[Source "ChessBase"]
[SourceDate "2011.11.24"]
[SourceVersion "1"]
[SourceVersionDate "2011.11.24"]
[SourceQuality "1"]
[WhiteTeam "Decs"]
[BlackTeam "Maroczy"]
[WhiteTeamCountry "HUN"]
[BlackTeamCountry "HUN"]

1. d4 d5 2. c4 c6 3. Nf3 Nf6 4. e3 e6 5. Nbd2 Nbd7 6. Bd3 Be7 7. 0-0 0-0 8. b3 b6 9. Bb2 Bb7 10. Qe2 Qc7 11. Rac1 Rac8 12. Ne5 Nxe5 13. dxe5 Nd7 14. f4 f5 15. exf6 Bxf6 16. Nf3 Qd6 17. Qc2 h6 18. Bxf6 gxf6 19. Nd4 Nc5 20. b4 Nxd3 21. Qxd3 f5 22. c5 Qe7 23. Rf3 Qf6 24. Rh3 Kg7 25. Nf3 Kf7 26. Ne5+ Ke7 27. cxb6 axb6 28. Qd4 c5 29. bxc5 bxc5 30. Rxc5 Kd6 31. Rxc8 Rxc8 32. Qb6+ Bc6 33. Rxh6 Qg7 34. Qb4+ Kc7 35. Rxe6 1-0

[Event "HUN-chT U18"]
[Site "Miskolc"]
[Date "2011.11.04"]
[Round "5.2"]
[White "Szabo, Bence"]
[Black "Amstadt, Aron"]
[Result "1/2-1/2"]
[WhiteElo "2333"]
[BlackElo "2238"]
[PlyCount "57"]
[EventDate "2011.11.02"]
[EventType "team-swiss"]
[EventRounds "8"]
[EventCountry "HUN"]
[SourceTitle "EXT 2012"]
[Source "ChessBase"]
[SourceDate "2011.11.24"]
[SourceVersion "1"]
[SourceVersionDate "2011.11.24"]
[SourceQuality "1"]
[WhiteTeam "Paks"]
[BlackTeam "Decs"]
[WhiteTeamCountry "HUN"]
[BlackTeamCountry "HUN"]

1. Nf3 Nf6 2. c4 c5 3. Nc3 b6 4. g3 Bb7 5. Bg2 e6 6. 0-0 Be7 7. Re1 0-0 8. e4 d6 9. d4 cxd4 10. Nxd4 Qc8 11. Be3 a6 12. Rc1 Nbd7 13. f4 Re8 14. Bf2 h5 15. h3 g6 16. Nf3 Nc5 17. Ng5 Nh7 18. Nxh7 Kxh7 19. Bd4 Bf8 20. Qc2 Bh6 21. Rcd1 h4 22. Bf2 Qc6 23. Qe2 hxg3 24. Bxg3 Rad8 25. Kh2 Na4 26. Nxa4 Qxa4 27. b3 Qb4 28. Qg4 Qc3 29. Re2 1/2-1/2